Language Quiz

Random Language or Letter Quiz
Score 0/55 Timer 05:00
0 Plays Today
Word % Correct
man
97.9%
mat
97.6%
mad
97.2%
map
96.6%
men
96.1%
mar
95.9%
met
95.8%
mag
95.6%
mac
94.8%
mas
94.2%
maw
94.2%
mop
94%
may
93.9%
med
93.6%
mid
93.4%
max
92.5%
mew
92.3%
meg
92.1%
mam
92.1%
mod
92%
mel
91.6%
mom
91.5%
mae
91.4%
mot
91%
mil
91%
mob
90.9%
mon
90.1%
mig
90.1%
Word % Correct
mis
90%
mic
90%
mem
89.7%
mog
89%
meh
88.5%
mir
88.5%
mim
88.2%
mol
88.1%
mow
88%
mix
87.5%
mut
87.3%
mor
87.2%
mud
86.9%
mib
86.9%
mum
86.7%
mos
86.7%
moc
86.4%
mug
86.1%
moo
85.7%
mun
83%
mus
81.3%
moi
78.9%
moa
76.2%
mux
73.5%
mmm
31.4%
myc
29.9%
mho
24.5%
Remove Ads.
Support Sporcle.
Get the best of Sporcle when you Go Orange. This ad-free experience offers more features, more stats, and more fun while also helping to support Sporcle. Thank you for becoming a member.

You're not logged in!

Compare scores with friends on all Sporcle quizzes.
OR
Log In

Show Comments

Extras

Top Quizzes Today


Score Distribution

Your Account Isn't Verified!

In order to create a playlist on Sporcle, you need to verify the email address you used during registration. Go to your Sporcle Settings to finish the process.

Report this User

Report this user for behavior that violates our Community Guidelines.

Details: